Games that include Sonic - Statistics

General Stats
  • This quiz has been taken 4 times
  • The average score is 6 of 15
Answer Stats
Game % Correct
Sonic the Hedgehog
100%
Mario & Sonic at the Olympic Games
75%
Sonic Mania
75%
Mario & Sonic at the Olympic Winter Games
50%
Sonic Adventure
50%
Sonic Adventure 2
50%
Sonic CD
50%
Super Smash Bros Ultimate
50%
Shadow the Hedgehog
25%
Sonic Boom Fire and Ice
25%
Sonic Dash
25%
Sonic Lost World
25%
Sonic Boom Rise of the Lyric
0%
Super Smash Bros 3DS
0%
Super Smash Bros Wii-U
0%
No matching quizzes found
Score Distribution
Percent of People with Each Score
Percentile by Number Answered
Your Score History
You have not taken this quiz